000
00209 a2200097 4500
020
_a
9780545206952
041
_a
eng
100
_a
Tarshis, Lauren
245
_a
I Survived The Shark Attacks of 1916
942
_c
BK
999
_c
31695
_d
31693